00653nam a2200205Ia 4500003000900000008004100009020001800050040001600068080001600084245006800100260003400168300001000202650002200212650002500234650001900259700002700278942000700305999001500312952012000327IN-BaIIA211028s9999 xx 000 0 eng d a3-540-05383-2 cIIA Library a524.83bSPR 0aSpringer tracts in modern physicsbvol. 58cedited by G. Hohler aBerlinbSpringer-Verlagc1971 a265p. aAstrophysics9794 aModern physics91851 aNASA thesaurus aHohler, G., eds.97370 cBK c4194d4194 00104070aBANbBANcGENd1973-04-21g220.00l0o524.83/ SPRp4683r2021-11-05v220.00w1973-04-21yBKGRs. 220.00